APKRITYA VIDHI (Record no. 1715233)
[ view plain ]
| 000 -LEADER | |
|---|---|
| fixed length control field | 00385nam a22001697a 4500 |
| 003 - CONTROL NUMBER IDENTIFIER | |
| control field | OSt |
| 005 - DATE AND TIME OF LATEST TRANSACTION | |
| control field | 20260312124522.0 |
| 008 - FIXED-LENGTH DATA ELEMENTS--GENERAL INFORMATION | |
| fixed length control field | 260312b |||||||| |||| 00| 0 eng d |
| 040 ## - CATALOGING SOURCE | |
| Transcribing agency | FLL |
| 041 ## - LANGUAGE CODE | |
| Language code of text/sound track or separate title | HINDI |
| Language code of sung or spoken text | HINDI |
| 100 ## - MAIN ENTRY--PERSONAL NAME | |
| Personal name | PANDEY, JAYNARAYAN |
| 9 (RLIN) | 1131821 |
| 245 ## - TITLE STATEMENT | |
| Title | APKRITYA VIDHI |
| 250 ## - EDITION STATEMENT | |
| Edition statement | 21st |
| 260 ## - PUBLICATION, DISTRIBUTION, ETC. | |
| Place of publication, distribution, etc. | PRAYAGRAJ |
| Name of publisher, distributor, etc. | CLA |
| Date of publication, distribution, etc. | 2025 |
| 300 ## - PHYSICAL DESCRIPTION | |
| Extent | 492 |
| 942 ## - ADDED ENTRY ELEMENTS (KOHA) | |
| Source of classification or shelving scheme | Colon Classification (CC) |
| Koha item type | Textbook |
| Suppress in OPAC | No |
| Withdrawn status | Lost status | Source of classification or shelving scheme | Damaged status | Not for loan | Home library | Current library | Date acquired | Source of acquisition | Cost, normal purchase price | Inventory number | Total Checkouts | Full call number | Barcode | Date last seen | Price effective from | Koha item type |
|---|---|---|---|---|---|---|---|---|---|---|---|---|---|---|---|---|
| Colon Classification (CC) | Law Centre-I Library | Law Centre-I Library | 2026-02-06 | APPLE BOOKS | 490.00 | 016/2025-26-6/02/26 | Z2,4 R5 | LO1646490 | 2026-03-12 | 2026-03-12 | Textbook | |||||
| Colon Classification (CC) | Law Centre-I Library | Law Centre-I Library | 2026-02-06 | APPLE BOOKS | 490.00 | 016/2025-26-6/02/26 | Z2,4 R5 | LO1646491 | 2026-03-12 | 2026-03-12 | Textbook | |||||
| Colon Classification (CC) | Law Centre-I Library | Law Centre-I Library | 2026-02-06 | APPLE BOOKS | 490.00 | 016/2025-26-6/02/26 | Z2,4 R5 | LO1646492 | 2026-03-12 | 2026-03-12 | Textbook | |||||
| Colon Classification (CC) | Law Centre-I Library | Law Centre-I Library | 2026-02-06 | APPLE BOOKS | 490.00 | 016/2025-26-6/02/26 | Z2,4 R5 | LO1646493 | 2026-03-12 | 2026-03-12 | Textbook | |||||
| Colon Classification (CC) | Law Centre-I Library | Law Centre-I Library | 2026-02-06 | APPLE BOOKS | 490.00 | 016/2025-26-6/02/26 | Z2,4 R5 | LO1646494 | 2026-03-12 | 2026-03-12 | Textbook | |||||
| Colon Classification (CC) | Law Centre-I Library | Law Centre-I Library | 2026-02-06 | APPLE BOOKS | 490.00 | 016/2025-26-6/02/26 | Z2,4 R5 | LO1646495 | 2026-03-12 | 2026-03-12 | Textbook | |||||
| Colon Classification (CC) | Law Centre-I Library | Law Centre-I Library | 2026-02-06 | APPLE BOOKS | 490.00 | 016/2025-26-6/02/26 | Z2,4 R5 | LO1646496 | 2026-03-12 | 2026-03-12 | Textbook | |||||
| Colon Classification (CC) | Law Centre-I Library | Law Centre-I Library | 2026-02-06 | APPLE BOOKS | 490.00 | 016/2025-26-6/02/26 | Z2,4 R5 | LO1646497 | 2026-03-12 | 2026-03-12 | Textbook |
